[Event "Top 12 FRA-chT 2017"]
[Site "Chartres"]
[Date "2017.05.25"]
[Round "8"]
[White "Shirazi, Kamran"]
[Black "Pelletier, Yannick"]
[Result "1/2-1/2"]
[WhiteElo "2367"]
[BlackElo "2543"]
[Annotator "TA"]
[PlyCount "81"]
[EventDate "2017.??.??"]
[EventType "team-tourn"]
[EventCountry "FRA"]
[SourceTitle "playchess.com"]
[Source "ChessBase"]
[SourceQuality "1"]
[WhiteTeam "Tremblay-En-France"]
[BlackTeam "Bischwiller"]

{[%evp 9,81,0,2,-4,-3,-16,-1,-35,-37,-33,0,-4,27,14,19,6,17,0,27,13,54,62,58,-21,-25,-25,-20,-37,34,29,36,41,53,49,45,42,56,14,31,17,108,95,118,120,85,52,57,54,26,19,17,0,0,0,0,0,0,0,0,-19,7,0,100,43,31,31,54,40,45,0,45,0,0,0]} 1. e4 e6 2. d4 d5 3. Nc3 Nf6 4. exd5 exd5 5. a3 (5. Bg5 Be7 6. Bd3 Nc6 7. Nge2 Nb4 8. Bb5+ c6 9. Ba4 O-O 10. O-O h6 11. Bxf6 Bxf6 12. Ng3 a5 13. a3 Na6 14. Nce2 g6 15. c3 Qd6 {0-1 (56) Harikrishna,P (2753)-Wang,H (2717) Huaian 2016}) 5... Bf5 6. h3 {C01: French: Exchange Variation} Bd6 7. g4 $146 ({Predecessor:} 7. Nf3 O-O 8. Bd3 Re8+ 9. Be3 Bxd3 10. Qxd3 a6 11. O-O c6 12. Ne2 {0-1 (27) Venturas,B (685)-Lombardi,D (825) LSS email 2012}) 7... Be4 8. Nxe4 Nxe4 9. Bg2 Nd7 10. Ne2 Qh4 {[%csl Ge4][%cal Rh4f2] [#]} (10... O-O {feels hotter.} 11. c4 Re8 12. c5 Be7 13. O-O Bh4) 11. Bxe4 dxe4 12. Nc3 O-O 13. Be3 Rae8 14. Qe2 Qe7 15. Qb5 Nb6 16. Nd5 (16. O-O-O $14) 16... Nxd5 $11 17. Qxd5 c6 18. Qb3 Kh8 (18... b5 $15) 19. O-O-O $14 f5 20. gxf5 Rxf5 21. d5 c5 22. Qa4 a6 23. Rhg1 Rh5 $1 24. Rg4 g6 (24... Rxh3 $11 {remains equal.} 25. Bg5 Qf8) 25. h4 Kg7 26. Bg5 Qf7 27. Rxe4 b5 28. Qxa6 Rxe4 29. Qxd6 h6 30. Be3 Ree5 $1 {[%cal Re5d5]} 31. Bxc5 Rxd5 32. Bd4+ Kg8 33. Qb8+ Qf8 34. Qg3 Qf7 35. c3 Rhf5 {[#]} (35... Rd8 $11) 36. Qb8+ (36. Re1 $1 $16 {Black must now prevent Qb8+.} Kh7 37. Qb8 Rxd4 38. cxd4) 36... Qf8 37. Qb7 Qf7 $1 {[%cal Rf7b7]} 38. Qc8+ Qf8 39. Qb7 Qf7 $1 {[%cal Rf7b7]} 40. Qa8+ Qf8 41. Qb7 {Precision: White = 57%, Black = 43%.} 1/2-1/2

[Event "Top 12 FRA-chT 2017"]
[Site "Chartres"]
[Date "2017.05.25"]
[Round "8"]
[White "Stephan, Victor"]
[Black "Kryvoruchko, Yuriy"]
[Result "0-1"]
[WhiteElo "2365"]
[BlackElo "2714"]
[Annotator "TA"]
[PlyCount "90"]
[EventDate "2017.??.??"]
[EventType "team-tourn"]
[EventCountry "FRA"]
[SourceTitle "playchess.com"]
[Source "ChessBase"]
[SourceQuality "1"]
[WhiteTeam "Lisieux"]
[BlackTeam "Grasse Echecs"]

{[%evp 23,90,-13,-24,-49,-45,-47,-44,-52,-40,-38,-39,-37,-43,-44,-18,-18,-23,-18,-7,-39,-36,-42,-27,-43,-47,-47,-45,-114,-116,-128,-146,-137,-97,-384,-140,-127,-132,-123,-100,-989,-988,-1290,-1290,-1283,-1275,-844,-1231,-925,-590,-618,-627,-581,-601,-581,-586,-527,-523,-610,-609,-400,-400,-602,-671,-658,-658,-691,-656,-601,-588]} 1. d4 Nf6 2. c4 e6 3. Nc3 Bb4 4. Qc2 O-O 5. a3 Bxc3+ 6. Qxc3 d6 7. Bg5 Nbd7 8. e3 b6 9. Ne2 {E32: Nimzo-Indian: Classical (4 Qc2): 4...0-0} Ba6 10. Qc2 (10. Rd1 h6 11. Bxf6 Nxf6 12. Ng3 c5 13. Be2 Qc7 14. O-O Rac8 15. Rc1 cxd4 16. Qxd4 Rfd8 {½-½ (38) Nakamura,H (2799)-Jakovenko,D (2738) Khanty-Mansiysk 2015}) 10... c5 11. Rd1 Qc7 12. Nc3 d5 {LiveBook: 3 Games} 13. Bxf6 $146 ({Predecessor:} 13. cxd5 Bxf1 14. Kxf1 Nxd5 15. Nxd5 exd5 16. dxc5 Qc6 {0-1 (63) Hakobyan,A (2283)-Zhigalko,A (2586) Yerevan 2015}) 13... Nxf6 14. cxd5 Bxf1 15. Kxf1 cxd4 $1 16. Rxd4 Nxd5 $1 17. Qd2 Nxc3 18. Qxc3 Qb7 {And now ...Rac8 would win.} 19. f3 Rac8 20. Qd2 e5 21. Rd6 Qe7 22. Ke2 Qh4 23. g3 Qh3 24. Kf2 h5 $36 {[%mdl 2048] Black has the initiative.} 25. Qe2 (25. Qd1 $1 $15) 25... Rfd8 $17 26. Rd2 Rxd2 27. Qxd2 {[%mdl 4096] Endgame KQR-KQR} h4 28. gxh4 $2 {[%mdl 8192] [#]} (28. Qd1 $17) 28... Rc6 $2 (28... e4 $19 29. f4 Qf3+ 30. Kg1 Rc6) 29. Qd8+ Kh7 30. Qd3+ f5 {[%cal Bf7f5,Bf5e4][%mdl 32]} 31. h5 $2 {[%mdl 8192]} (31. Rg1 $17) 31... e4 $19 32. fxe4 Qh4+ 33. Kg2 Qg4+ 34. Kf2 fxe4 35. Qe2 Qxe2+ 36. Kxe2 {KR-KR} Rc2+ 37. Kd1 Rxb2 {[#] White must now prevent ...Rb1+.} 38. Kc1 Ra2 {Strongly threatening ...Ra1+.} 39. Kb1 Rxa3 40. Kc2 Rxe3 41. Ra1 a5 42. Rb1 (42. Kd2 $142 Rd3+ 43. Kc2) 42... Re2+ {Black is clearly winning.} 43. Kc3 Rxh2 44. Rxb6 Rxh5 45. Kd4 Rh6 {Precision: White = 35%, Black = 73%.} 0-1

[Event "Top 12 FRA-chT 2017"]
[Site "Chartres"]
[Date "2017.05.25"]
[Round "8"]
[White "Godard, Maxence"]
[Black "Areshchenko, Alexander"]
[Result "0-1"]
[WhiteElo "2329"]
[BlackElo "2677"]
[Annotator "TA"]
[PlyCount "68"]
[EventDate "2017.??.??"]
[EventType "team-tourn"]
[EventCountry "FRA"]
[SourceTitle "playchess.com"]
[Source "ChessBase"]
[SourceQuality "1"]
[WhiteTeam "Lisieux"]
[BlackTeam "Grasse Echecs"]

{[%evp 14,68,37,30,35,-21,-4,-22,37,0,30,6,6,-1,-27,-25,-5,-10,0,0,0,0,0,0,0,-51,-63,-25,-80,-287,-282,-587,-588,-602,-588,-510,-555,-831,-837,-811,-833,-824,-814,-838,-833,-821,-826,-951,-887,-986,-973,-807,-711,-1208,-1134,-1458,-1446]} 1. d4 d6 2. Nf3 Nf6 3. c4 g6 4. Nc3 Bg7 5. e4 O-O 6. h3 e5 7. d5 a5 8. g4 Na6 {E90: King's Indian: Classical: Early deviations and 6 h3} 9. Bd3 (9. Be2 $14) (9. Be3 Nc5 10. Nd2 c6 11. Be2 Bd7 12. g5 Ne8 13. Nb3 cxd5 14. exd5 Na4 15. Nd2 Nxc3 16. bxc3 f5 17. gxf6 Bxf6 18. Bg4 Bf5 19. Bxf5 gxf5 {0-1 (31) Rodshtein,M (2687)-Naiditsch,A (2684) Douglas 2016}) 9... c6 $11 10. Bg5 Nb4 $146 (10... cxd5 $11 11. Nxd5 Be6) ({Predecessor:} 10... Bd7 11. Nd2 Nc5 12. Bc2 cxd5 13. exd5 a4 14. Rb1 h6 15. Be3 Qa5 16. O-O {0-1 (71) Kallio,H (2522)-Blehm,P (2535) Bermuda 2002}) 11. Bb1 cxd5 12. cxd5 Bd7 13. a3 Na6 14. a4 Rc8 15. Ra3 h6 16. Be3 h5 17. g5 Nh7 18. Bd3 Nb4 19. Bb5 ({Better is} 19. Be2 $11) 19... Bxb5 $15 20. axb5 f5 $36 {[%mdl 2048] Black has strong initiative.} 21. gxf6 $2 (21. exf5 $17 {was necessary.} Rxf5 22. Kf1) 21... Qxf6 $19 22. Ng1 $2 {[#]} (22. Rxa5 {is a better chance.} Qxf3 23. Qxf3 Rxf3 24. Ke2) 22... Bh6 $1 {[%cal Rh6e3][%mdl 512] Black is clearly winning.} 23. Bb6 {[#]} (23. Bxh6 Qxf2#) 23... Bc1 $1 {[%mdl 512]} 24. Rb3 {[#]} (24. Qxc1 Nd3+) 24... Bxb2 $1 {[%mdl 512]} 25. Nce2 (25. Rxb2 Rxc3) 25... Nc2+ 26. Kf1 Bd4 27. Bxd4 Nxd4 {[%csl Gf8][%cal Rf6f2]} 28. Rh2 Nxb3 29. Qxb3 Ng5 {[%cal Bh7g5,Bg5f3,Bf3g1][%mdl 32]} 30. Qd3 Kh7 31. Rg2 Nf3 32. Qe3 Rc2 33. Rg3 Nxg1 34. Kxg1 a4 {Precision: White = 16%, Black = 73%.} 0-1

[Event "Top 12 FRA-chT 2017"]
[Site "Chartres"]
[Date "2017.05.25"]
[Round "8"]
[White "Ouakhir, Pierre Mehdi"]
[Black "Nataf, Igor-Alexandre"]
[Result "1-0"]
[WhiteElo "2277"]
[BlackElo "2535"]
[Annotator "TA"]
[PlyCount "79"]
[EventDate "2017.??.??"]
[EventType "team-tourn"]
[EventCountry "FRA"]
[SourceTitle "playchess.com"]
[Source "ChessBase"]
[SourceQuality "1"]
[WhiteTeam "Montpellier"]
[BlackTeam "Strasbourg"]

{[%evp 26,79,44,0,56,57,52,0,16,-16,-12,-7,0,-7,0,0,43,72,109,81,93,85,148,143,130,133,131,122,204,167,314,287,293,277,354,344,371,375,386,381,389,397,393,391,367,372,443,425,660,627,631,572,614,477,534,545]} 1. d4 g6 2. c4 Bg7 3. Nc3 Nf6 4. e4 d6 5. Nge2 O-O 6. f3 c5 7. d5 e6 8. Ng3 exd5 9. cxd5 h5 10. Be2 {A65: Modern Benoni: 6 e4} Nh7 (10... a6 11. a4 Nh7 12. Be3 h4 13. Nf1 f5 14. exf5 gxf5 15. Nd2 Nd7 16. f4 h3 17. O-O hxg2 {1-0 (32) Wojtaszek,R (2744)-Erdos,V (2585) Novi Sad 2016}) 11. Be3 h4 12. Nf1 Nd7 13. Qd2 a6 14. a4 {LiveBook: 5 Games} f5 (14... Re8 $11) 15. exf5 $14 gxf5 {[#]} 16. g3 $146 (16. Bh6 $14) ({Predecessor:} 16. Bh6 Ne5 17. Bxg7 Kxg7 {1-0 (47) Iljushin,A (2501)-Gladyszev,O (2485) Sochi 2007}) 16... Re8 17. gxh4 Qxh4+ 18. Bf2 {[%cal Be3f2,Bf2e1,Be1c3][%mdl 32]} Qb4 19. Rg1 Ne5 20. O-O-O f4 (20... b5 $5) 21. Qc2 Rf8 22. Ne4 $36 {[%mdl 2048] White has strong initiative.} Bd7 {[#]} 23. Be1 $1 {[%cal Re1b4]} (23. Nxd6 Bxa4 24. Qc3 (24. Bxc5 Rac8 $17) 24... Qxc3+ 25. bxc3 Bxd1 $17) 23... Qxa4 ({Better is} 23... Bxa4 24. Bxb4 Bxc2 25. Kxc2 cxb4) 24. Nxd6 $16 {aiming for Bc3.} Qxc2+ 25. Kxc2 {And now Bc3 would win.} Rf6 26. Bc3 Rg6 (26... Rxd6 $16 {was worth a try.} 27. Bxe5 Rg6 28. Rxg6 Bf5+ 29. Bd3 Bxg6 30. Bxf4 (30. Bxg6 Bxe5 31. Re1 Bd4 $14) 30... Bxd3+ 31. Rxd3 c4) 27. Nd2 {[#] Strongly threatening Bxe5.} Nf8 (27... Rxd6 $142 28. Bxe5 Bf5+ 29. Ne4 Rg6) 28. N2c4 $18 ({Don't take} 28. Nxb7 Bf5+ 29. Kc1 Bd3 $18) 28... Nxc4 29. Bxc4 Bxc3 30. Kxc3 ({Not} 30. bxc3 Ba4+ 31. Bb3 Bxb3+ 32. Kxb3 Kh7 $16) 30... b5 31. Bd3 Rg7 32. Rxg7+ Kxg7 33. Rg1+ Kf6 34. Ne4+ Kf7 35. Nxc5 Bh3 36. Kd4 {White is clearly winning.} Re8 (36... Nd7 $142 37. Ne4 Rh8 38. Ng5+ Kf6 39. Nh7+ Kf7 40. Ng5+ Kf6 41. Nh7+ Kf7 42. Ng5+) 37. Ne4 Ke7 38. Rg7+ Kd8 39. Nc5 Re3 40. Rf7 {Precision: White = 63%, Black = 24%.} 1-0

[Event "Top 12 FRA-chT 2017"]
[Site "Chartres"]
[Date "2017.05.25"]
[Round "8"]
[White "Iglesias, Joachim"]
[Black "Delorme, Axel"]
[Result "0-1"]
[WhiteElo "2258"]
[BlackElo "2514"]
[Annotator "TA"]
[PlyCount "26"]
[EventDate "2017.??.??"]
[EventType "team-tourn"]
[EventCountry "FRA"]
[SourceTitle "playchess.com"]
[Source "ChessBase"]
[SourceQuality "1"]
[WhiteTeam "Vandoeuvre"]
[BlackTeam "Clichy"]

{[%evp 15,26,11,24,-47,-33,-87,-65,-71,-60,-74,-69,-489,-479]} 1. d4 d5 2. Nf3 Nf6 3. e3 g6 4. c4 Bg7 5. cxd5 (5. Nc3 O-O 6. Bd2 e6 7. Rc1 b6 8. Be2 Bb7 9. O-O Nbd7 10. b4 dxc4 11. Bxc4 c5 12. dxc5 bxc5 13. Na4 cxb4 14. Bxb4 Re8 15. Nc5 Nxc5 16. Bxc5 Ne4 17. Qxd8 Rexd8 18. Bd4 Bxd4 19. Nxd4 Nd2 20. Rfe1 e5 21. Nb3 Nxc4 {½-½ (21) Granda Zuniga,J (2646)-Ivanisevic,I (2648) Sitges 2016}) 5... Nxd5 6. e4 {D70: Grünfeld: Unusual White 3rd moves (met by ...d5)} Nb6 7. Bb5+ Bd7 8. Be2 Bg4 {LiveBook: 8 Games} 9. Be3 $146 (9. Nbd2 $11) ({Predecessor:} 9. Nbd2 e6 10. h3 Bxf3 11. Nxf3 O-O 12. O-O Nc6 13. Be3 h6 {1-0 (38) Constantinou,P (2074)-Jeitz,C (2197) Monaco 2013}) 9... c5 $15 10. e5 ({But not} 10. dxc5 $2 Qxd1+ 11. Kxd1 Bxf3 $19) (10. Nbd2 $15 cxd4 11. Nxd4) 10... cxd4 11. Nxd4 Bxe2 12. Qxe2 Bxe5 13. Nc3 $2 {[%mdl 8192] [#]} ({Better is} 13. Nf3 $15 Bg7 14. Nc3) 13... Bxd4 0-1

[Event "Top 12 FRA-chT 2017"]
[Site "Chartres"]
[Date "2017.05.25"]
[Round "8"]
[White "Dubois, Jean-Marie"]
[Black "Roos, Louis"]
[Result "0-1"]
[WhiteElo "2255"]
[BlackElo "2346"]
[Annotator "NA"]
[PlyCount "78"]
[EventDate "2017.??.??"]
[EventType "team-tourn"]
[EventCountry "FRA"]
[SourceTitle "playchess.com"]
[Source "ChessBase"]
[SourceQuality "1"]
[WhiteTeam "Montpellier"]
[BlackTeam "Strasbourg"]
[TimeControl "40/5400+30:1800+30"]

1. d4 {[%emt 0:00:00]} e6 {[%emt 0:02:14]} 2. c4 {[%emt 0:00:00]} f5 {[%emt 0:00:07]} 3. g3 {[%emt 0:01:54]} Nf6 {[%emt 0:01:46]} 4. Bg2 {[%emt 0:02:16]} Be7 {[%emt 0:00:10]} 5. Nc3 {[%emt 0:01:01]} O-O {[%emt 0:00:09]} 6. Nf3 {[%emt 0:05:53]} d6 {[%emt 0:00:30]} 7. O-O {[%emt 0:04:20]} a5 {[%emt 0:01:54]} 8. Qc2 {[%emt 0:02:19]} Nc6 {[%emt 0:00:08]} 9. Rd1 {[%emt 0:06:00]} Qe8 {[%emt 0:03:22]} 10. e4 {[%emt 0:09:07]} fxe4 {[%emt 0:34:59]} 11. Nxe4 {[%emt 0:02:39]} Nxe4 {[%emt 0:01:52]} 12. Qxe4 {[%emt 0:00:09]} Qh5 {[%emt 0:02:53]} 13. Be3 {[%emt 0:13:59]} e5 {[%emt 0:07:40]} 14. Ne1 {[%emt 0:10:30]} Kh8 {[%emt 0:01:34]} 15. dxe5 {[%emt 0:04:49]} dxe5 {[%emt 0:03:08]} 16. Qc2 {[%emt 0:08:47]} a4 {[%emt 0:01:53]} 17. a3 {[%emt 0:02:10]} Bg4 {[%emt 0:05:31]} 18. Rd2 {[%emt 0:02:25]} Ra6 {[%emt 0:04:19]} 19. Rd5 {[%emt 0:01:58]} Bf6 {[%emt 0:08:00]} 20. Nd3 {[%emt 0:01:19]} Bf5 {[%emt 0:04:17]} 21. Qd2 {[%emt 0:00:27]} Ne7 {[%emt 0:00:34]} 22. Bc5 {[%emt 0:05:16]} Nxd5 {[%emt 0:09:21]} 23. Bxf8 {[%emt 0:00:08]} Nb6 {[%emt 0:02:25]} 24. Nb4 {[%emt 0:08:47]} Ra8 {[%emt 0:01:08]} 25. Bc5 {[%emt 0:02:57]} Rd8 {[%emt 0:01:00]} 26. Qc3 {[%emt 0:02:34]} Rd1+ {[%emt 0:00:42]} 27. Rxd1 {[%emt 0:00:04]} Qxd1+ {[%emt 0:00:18]} 28. Bf1 {[%emt 0:00:03]} e4 {[%emt 0:00:57]} 29. Qc2 {[%emt 0:01:43]} Qxc2 {[%emt 0:00:32]} 30. Nxc2 {[%emt 0:00:03]} Bxb2 {[%emt 0:00:11]} 31. Be7 {[%emt 0:01:12]} Kg8 {[%emt 0:01:07]} 32. c5 {[%emt 0:00:31]} Nd5 {[%emt 0:00:17]} 33. Bc4 {[%emt 0:00:09]} c6 {[%emt 0:00:14]} 34. Kf1 {[%emt 0:00:49]} Kf7 {[%emt 0:00:17]} 35. Bg5 {[%emt 0:00:20]} Be6 {[%emt 0:00:23]} 36. Be2 {[%emt 0:00:38]} Nc3 {[%emt 0:00:32]} 37. Bd2 {[%emt 0:00:40]} Nxe2 {[%emt 0:00:26]} 38. Kxe2 {[%emt 0:00:07]} Bb3 {[%emt 0:00:18]} 39. Ne3 {[%emt 0:00:52]} Bxa3 {[%emt 0:00:16]} 0-1

[Event "Top 12 FRA-chT 2017"]
[Site "Chartres"]
[Date "2017.05.25"]
[Round "8"]
[White "Bollengier, Andreea"]
[Black "Choisy, Mathilde"]
[Result "1-0"]
[WhiteElo "2234"]
[BlackElo "2153"]
[Annotator "NA"]
[PlyCount "61"]
[EventDate "2017.??.??"]
[EventType "team-tourn"]
[EventCountry "FRA"]
[SourceTitle "playchess.com"]
[Source "ChessBase"]
[SourceQuality "1"]
[WhiteTeam "Nice Alekhine"]
[BlackTeam "Mulhouse Philidor"]
[TimeControl "40/5400+30:1800+30"]

1. c4 {[%emt 0:00:00]} Nf6 {[%emt 0:01:07]} 2. g3 {[%emt 0:00:00]} g6 {[%emt 0:00:00]} 3. Bg2 {[%emt 0:00:00]} Bg7 {[%emt 0:00:17]} 4. Nc3 {[%emt 0:02:07]} O-O {[%emt 0:01:32]} 5. Nf3 {[%emt 0:02:05]} d6 {[%emt 0:00:06]} 6. O-O {[%emt 0:00:08]} c5 {[%emt 0:00:18]} 7. d4 {[%emt 0:00:43]} Nc6 {[%emt 0:00:05]} 8. d5 {[%emt 0:03:57]} Na5 {[%emt 0:00:21]} 9. Nd2 {[%emt 0:00:30]} a6 {[%emt 0:00:59]} 10. Rb1 {[%emt 0:06:10]} Rb8 {[%emt 0:00:19]} 11. b3 {[%emt 0:02:50]} b5 {[%emt 0:01:29]} 12. Bb2 {[%emt 0:01:05]} Bh6 {[%emt 0:00:45]} 13. f4 {[%emt 0:13:43]} Ng4 {[%emt 0:07:39]} 14. Qc1 {[%emt 0:13:35]} Ne3 {[%emt 0:17:14]} 15. Rf3 {[%emt 0:00:22]} Nxg2 {[%emt 0:02:23]} 16. Kxg2 {[%emt 0:00:05]} bxc4 {[%emt 0:09:57]} 17. bxc4 {[%emt 0:00:27]} Bf5 {[%emt 0:10:50]} 18. e4 {[%emt 0:02:06]} Bg4 {[%emt 0:00:04]} 19. Rf2 {[%emt 0:07:55]} Qd7 {[%emt 0:06:12]} 20. Nd1 {[%emt 0:06:07]} Bxd1 {[%emt 0:01:37]} 21. Qxd1 {[%emt 0:00:37]} Bg7 {[%emt 0:02:39]} 22. Qc2 {[%emt 0:08:33]} Bxb2 {[%emt 0:03:40]} 23. Rxb2 {[%emt 0:00:27]} Rxb2 {[%emt 0:00:20]} 24. Qxb2 {[%emt 0:00:05]} Qa4 {[%emt 0:00:27]} 25. Qc3 {[%emt 0:06:42]} Qxa2 {[%emt 0:04:52]} 26. e5 {[%emt 0:01:18]} Rb8 {[%emt 0:11:31]} 27. exd6 {[%emt 0:02:35]} exd6 {[%emt 0:00:05]} 28. Ne4 {[%emt 0:04:57]} Qxc4 {[%emt 0:01:08]} 29. Nf6+ {[%emt 0:00:06]} Kh8 {[%emt 0:02:35]} 30. Qxa5 {[%emt 0:00:25]} Qd4 {[%emt 0:05:33]} 31. Qc7 {[%emt 0:02:07]} 1-0

[Event "Top 12 FRA-chT 2017"]
[Site "Chartres"]
[Date "2017.05.25"]
[Round "8"]
[White "Le Borgne, Pierre"]
[Black "Libiszewski, Fabien"]
[Result "0-1"]
[WhiteElo "2234"]
[BlackElo "2544"]
[Annotator "TA"]
[PlyCount "144"]
[EventDate "2017.??.??"]
[EventType "team-tourn"]
[EventCountry "FRA"]
[SourceTitle "playchess.com"]
[Source "ChessBase"]
[SourceQuality "1"]
[WhiteTeam "Lisieux"]
[BlackTeam "Grasse Echecs"]

{[%evp 13,144,19,30,0,16,10,11,7,10,0,38,45,35,17,37,40,41,50,50,28,32,0,0,0,0,0,6,35,65,-27,156,137,156,39,81,0,0,0,0,0,0,-106,0,-216,0,0,0,-76,-82,-185,-182,-926,-925,-904,-893,-1162,-392,-647,-439,-456,-61,-41,-31,-143,-32,-47,-60,-52,-18,-22,-9,-10,-10,-10,-9,-27,-15,-35,-31,-66,-41,-56,-41,-66,-48,-79,-89,-86,-92,-81,-73,-80,-43,-71,-78,-182,-159,-161,-147,-128,-131,-141,-158,-264,-278,-303,-8,-59,-59,-59,-55,-676,-668,-502,-296,-957,-848,-3601,-3294,-3535,-4038,-2579,-2340,-12821,-9189,-29961,-29966,-4910,-1621,-29983,-29984,-29991,-29992]} 1. e4 c5 2. Nf3 Nc6 3. Bb5 g6 4. Bxc6 bxc6 5. O-O Bg7 6. Re1 Nh6 7. c3 O-O 8. h3 {B31: Sicilian: 2...Nc6 3 Bb5 g6} f5 9. e5 Nf7 10. d3 {The position is equal.} Ba6 11. c4 e6 12. Nc3 g5 {[%cal Bg6g5,Bg5g4][%mdl 32]} 13. Be3 h5 {[#]} 14. Bxc5 $146 ({Predecessor:} 14. h4 g4 15. Ng5 Nxe5 16. Bxc5 {½-½ (23) Inarkiev,E (2730)-Gelfand,B (2734) Magas 2016}) 14... g4 $1 {[%cal Rg4f3]} 15. Bxf8 Qxf8 16. Nh4 {Hoping for Qa4.} Nxe5 17. d4 Nxc4 18. Qa4 Qc8 19. Ng6 Kh7 20. Ne5 Nb6 21. Qa5 ({White should try} 21. Qa3 $14) 21... Bf6 $2 (21... gxh3 $11 22. Qb4 hxg2) 22. hxg4 $16 hxg4 23. Nxg4 (23. Ne4 $1 $16 {[%cal Re4f6]} fxe4 24. Rxe4 (24. Nxg4 Bg7 $11)) 23... Bxd4 24. Ne4 (24. Ne5 $16) 24... Nc4 $11 25. Qb4 c5 (25... fxg4 $6 26. Qe7+ Kg6 27. Rad1 $16) 26. Qb3 $1 {[%cal Rb3h3]} (26. Ng5+ $2 Kg6 $19) 26... fxg4 27. Qg3 (27. Rad1 $1 $11 {was the only way to keep the balance.}) 27... Qe8 {[#]} ({Much worse is} 27... Nxb2 $6 28. Qh4+ Kg7 29. Qxg4+ Kh8 30. Qh5+ Kg7 31. Qg5+ Kh7 32. Re3 $11) (27... Bxb2 28. Rad1 $14) (27... Qh8 $1 $17 {[%cal Rh8g7] Threatens to win with ...Qg7.} 28. Rad1 Nxb2 29. Ng5+ Kg8 30. Nxe6 dxe6 31. Qxg4+ Kf8 32. Rxe6 Bxf2+ $1 {[%mdl 512]} 33. Kxf2 Nxd1+ 34. Qxd1 Qh4+ 35. Kg1 Rd8) 28. b3 $2 (28. Nxc5 $1 $11 {[%mdl 512]} Bxc5 29. Qh4+ Kg7 30. Re4) 28... Bxa1 $2 (28... Qg6 $1 $19 29. bxc4 Bxa1 30. Nxc5 Bd4 31. Qh4+ Qh6 32. Qxh6+ Kxh6 33. Nxa6 Rf8) 29. Rxa1 Qg6 $1 {[%cal Rg6e4]} 30. Qh4+ (30. Nxc5 $11 Nb6 31. Nxa6) 30... Kg8 $17 31. Nxc5 (31. Nf6+ $17 Kg7 32. Nxd7) 31... Nd6 $1 $19 {[%cal Rd6f5]} ({Worse is} 31... Qg7 32. Rd1 $11) 32. Nxa6 $2 (32. Nxd7 Nf5 33. Qxg4 $1 {[%mdl 512]} Qxg4 34. Nf6+ Kg7 35. Nxg4) 32... Nf5 33. Qh2 g3 34. fxg3 Nxg3 $2 (34... Qg4 35. Qh3 Qd4+ 36. Kh2 Qxa1) 35. Re1 $2 (35. Qh4 Ne2+ 36. Kh2) 35... Qg4 {( -> ...Qd4+)} 36. Qh6 {intending Nc5.} Nf5 $2 ({Black should play} 36... Rf8 $19 37. Nb4 Rf5) 37. Qd2 $15 Rf8 {And now ...Ng3 would win.} 38. Qe2 (38. Rf1 $15) 38... Qh4 (38... Qd4+ $17 39. Qf2 Qd6) 39. Qe4 Qg5 {Strongly threatening ...Ng3.} 40. Rf1 Rf7 {White must now prevent ...Rg7.} 41. Qf4 Qg6 42. Qb8+ Kh7 43. Qh2+ Kg7 44. Qe5+ Qf6 45. Qxf6+ Kxf6 $11 {[%mdl 4096] Endgame KRN-KRN} 46. b4 Rg7 47. a4 Ke5 48. Nc5 Ne3 49. Rf2 d6 {[%cal Bd7d6,Bd6d5][%mdl 32]} 50. Nb3 d5 51. b5 Rc7 52. a5 Nc4 53. Re2+ Kf6 54. Nd4 (54. Rf2+ $17 {might work better.} Ke7 55. g4) 54... e5 $19 55. Rf2+ Ke7 56. Nc6+ {[#]} Kd6 $1 57. Rf6+ Kc5 58. Re6 (58. b6 $17 axb6 59. axb6) 58... e4 ({Resist} 58... Kxb5 59. Nxe5 Kxa5 60. Nf3 $19) 59. Ne7 {If White can now play Rc6+ this consolidates a bit.} e3 $2 (59... Rd7 $19 60. Nc6 Kxb5) 60. b6 (60. Rc6+ $11 Rxc6 61. bxc6) 60... axb6 $15 61. axb6 Rb7 62. Rc6+ $2 {[%mdl 8192]} (62. Nf5 $15) 62... Kd4 $19 63. Nf5+ Ke5 64. Nh4 $2 (64. g4 Kf4 65. Kf1) 64... Rxb6 65. Nf3+ Ke4 66. Rc8 Rb1+ 67. Kh2 e2 68. Re8+ Kd3 69. g4 Ne3 70. Ne5+ Kc2 (70... Kc3 $142 71. Rc8+ Nc4) 71. Rc8+ Kd1 72. Nd3 Kd2 {Precision: White = 32%, Black = 42%.} 0-1

[Event "Top 12 FRA-chT 2017"]
[Site "Chartres"]
[Date "2017.05.25"]
[Round "8"]
[White "Youssoupov, Moisse"]
[Black "Sharif, Mehrshad"]
[Result "1/2-1/2"]
[WhiteElo "2233"]
[BlackElo "2363"]
[Annotator "NA"]
[PlyCount "65"]
[EventDate "2017.??.??"]
[EventType "team-tourn"]
[EventCountry "FRA"]
[SourceTitle "playchess.com"]
[Source "ChessBase"]
[SourceQuality "1"]
[WhiteTeam "Montpellier"]
[BlackTeam "Strasbourg"]
[TimeControl "40/5400+30:1800+30"]

1. d4 {[%emt 0:00:00]} d5 {[%emt 0:01:27]} 2. Bf4 {[%emt 0:00:00]} c5 {[%emt 0:00:52]} 3. e3 {[%emt 0:00:02]} Nc6 {[%emt 0:00:23]} 4. c3 {[%emt 0:00:06]} Bf5 {[%emt 0:00:24]} 5. Nd2 {[%emt 0:00:37]} e6 {[%emt 0:00:39]} 6. Ngf3 {[%emt 0:00:03]} Bd6 {[%emt 0:02:24]} 7. Bg3 {[%emt 0:01:46]} Nge7 {[%emt 0:07:27]} 8. dxc5 {[%emt 0:11:58]} Bxc5 {[%emt 0:02:15]} 9. Be2 {[%emt 0:00:02]} O-O {[%emt 0:01:03]} 10. O-O {[%emt 0:02:53]} Bg6 {[%emt 0:09:49]} 11. Nh4 {[%emt 0:05:30]} a6 {[%emt 0:01:27]} 12. Nxg6 {[%emt 0:00:29]} hxg6 {[%emt 0:00:48]} 13. e4 {[%emt 0:01:05]} Bd6 {[%emt 0:03:05]} 14. exd5 {[%emt 0:04:49]} Nxd5 {[%emt 0:02:15]} 15. Ne4 {[%emt 0:01:25]} Bxg3 {[%emt 0:02:43]} 16. hxg3 {[%emt 0:00:16]} Qc7 {[%emt 0:09:50]} 17. Re1 {[%emt 0:04:35]} Rfd8 {[%emt 0:03:00]} 18. Qc1 {[%emt 0:00:05]} Rac8 {[%emt 0:03:00]} 19. a3 {[%emt 0:05:45]} Na5 {[%emt 0:07:54]} 20. Qg5 {[%emt 0:06:03]} b5 {[%emt 0:11:08]} 21. a4 {[%emt 0:03:46]} Nc4 {[%emt 0:01:09]} 22. axb5 {[%emt 0:05:16]} axb5 {[%emt 0:00:10]} 23. b3 {[%emt 0:04:06]} Nd6 {[%emt 0:00:47]} 24. Nxd6 {[%emt 0:01:24]} Qxd6 {[%emt 0:02:15]} 25. Bxb5 {[%emt 0:03:11]} Nxc3 {[%emt 0:06:02]} 26. Bc4 {[%emt 0:00:23]} Qd4 {[%emt 0:01:33]} 27. Qe3 {[%emt 0:10:22]} Qf6 {[%emt 0:04:04]} 28. Ra6 {[%emt 0:11:14]} Nd5 {[%emt 0:00:48]} 29. Qe4 {[%emt 0:01:59]} Qf5 {[%emt 0:04:18]} 30. Qh4 {[%emt 0:02:38]} Qf6 {[%emt 0:01:08]} 31. Qe4 {[%emt 0:00:50]} Qf5 {[%emt 0:00:16]} 32. Qh4 {[%emt 0:01:20]} Qf6 {[%emt 0:00:14]} 33. Qe4 {[%emt 0:03:19]} 1/2-1/2